Normal view
MARC view
- تأليف: طاهر، ابراهيم محمد علي / م.مشارك: ماهر موسى العبيدي، موسى محمد موسى علاوين
Entry Personal Name
001 - CONTROL NUMBER
- control field: 30498
003 - CONTROL NUMBER IDENTIFIER
- control field: JO-AjAnu
005 - DATE AND TIME OF LATEST TRANSACTION
- control field: 20230606075138.0
008 - FIXED-LENGTH DATA ELEMENTS
- fixed length control field: 230606|| aca||aabn | a|a d
040 ## - CATALOGING SOURCE
- Original cataloging agency: JO-AjAnu
- Transcribing agency: JO-AjAnu
100 ## - HEADING--PERSONAL NAME
- Personal name: تأليف: طاهر، ابراهيم محمد علي / م.مشارك: ماهر موسى العبيدي، موسى محمد موسى علاوين
670 ## - SOURCE DATA FOUND
- Source citation: Work cat.: (JO-AjAnu)15665: تأليف: طاهر، ابراهيم محمد علي / م.مشارك: ماهر موسى العبيدي، موسى محمد موسى علاوين, author, المحاسبة الحكومية